000 00736nam a22001817a 4500
999 _c371711
_d371711
008 201127b ||||| |||| 00| 0 eng d
040 _aDE-2950
_bger
_cDE-2950
_erda
041 _ager
245 _aKlassik zwischen Plattenbauten.
_bKonzert: Zu einem ungewöhnlichen Open-Air-Nachmittag hatte am Sonntag das Staatsorchester und die Wohnungswirtschaft eingeladen. Spielort war der Pablo-Neruda-Block/
_cPhiliipp Stepputtis
264 _c2022
653 _aFrankfurt (O)
653 _aBSOF
773 _dFrankfurt (Oder) Märkisches Verlags- und Druckhaus GmbH & Co KG
_tMärkische Oderzeitung
_g33. Jahrgang (2022) Nr. 148 vom 28.06.2022, S. 15
942 _cA